|
|
|
|
| LEADER |
00000nam a22000007a 4500 |
| 005 |
20210618004414.0 |
| 007 |
cr|||| |||| |
| 008 |
210618s 2015co |||||s|||| 00||0 spa d |
| 020 |
|
|
|a 978-958-762-277-5
|
| 035 |
|
|
|a 33430
|
| 040 |
|
|
|a vLex
|
| 090 |
|
|
|c 11815
|d 11815
|
| 100 |
1 |
|
|a Pulgar-Vidal, Laura Huamǹ
|
| 245 |
1 |
0 |
|a Metodologa̕s para implantar la estrategia
|h [Recurso electrn̤ico] :
|b Diseǫ organizacional de la empresa /
|c Laura Huamǹ Pulgar-Vidal, Franklin Rios Ramos
|
| 256 |
|
|
|a Servicio en ln̕ea
|
| 260 |
|
|
|a Bogot:̀
|b Ediciones de la U,
|c 2015
|
| 300 |
|
|
|a 1 recurso electrn̤ico
|
| 500 |
|
|
|a El quehacer acadm̌ico no termina. Es una fuente de oportunidades de aprendizaje y de perfeccionamiento de nuestras prc̀ticas profesionales, que refresca nuestros conocimientos con nuevas experiencias. Quiň pudiera pensarlo. Esta aventura iniciada hace aǫs, que se public ̤en 2008, con una reimpresin̤ posterior, ha llegado a muchos futuros profesionales y colegas. Sigue siendo el espacio del conocimiento del diseǫ organizacional el que nos sigue motivando para continuar avanzando en el tema. La segunda edicin̤ de Metodologa̕s para implantar la estrategia: diseǫ organizacional de la empresa mejora y profundiza temas como el diseǫ de la macroestructura, los procesos de la organizacin̤. Adems̀, desarrollamos un caso completo de cm̤o aplicar las metodologa̕s, vinculando el ciclo planeacin̤ y organizacin̤ donde el diseǫ organizacional es un elemento estratǧico y uno de los factores de x̌ito para asegurar la implantacin̤ de la estrategia.
|
| 506 |
1 |
|
|a Disponible solo en los productos indicados
|d vLex Global
|d vLex Global (Academic Edition, excluding Law Schools)
|d vLex Global (U.S. Academic Edition, Law Schools)
|d vLex Global (U.S. Academic Edition, excluding Law Schools)
|d vLex Global (Academic Edition, Law Schools)
|
| 650 |
0 |
4 |
|a Administracin̤ (Management)
|z Colombia
|
| 700 |
1 |
|
|a Rios Ramos, Franklin
|
| 740 |
0 |
|
|a vLex Libros (Servicio en ln̕ea)
|
| 856 |
4 |
0 |
|u https://vlex.com/source/metodologias-para-implantar-la-estrategia-dise-o-organizacional-de-la-empresa-33430
|z Acceso restringido
|
| 942 |
|
|
|c BOOK
|
| 999 |
0 |
|
|a Management
|